Program na online vizualizáciu PPG signálu meraného prototypom pulzoxymetra

Guardado en:
Detalles Bibliográficos
Autor principal: Galčíková, Veronika (Autor)
Otros Autores: Donoval, Martin (Orientador)
Formato: Manuscrito Libro
Lenguaje:eslovaco
Publicado: Bratislava : STU v Bratislave FEI, 2023
Materias:
Acceso en línea:https://opac.crzp.sk/?fn=detailBiblioFormChildUELO9&sid=08878EB2E7E37CD0909271C0752B&seo=CRZP-detail-kniha
Etiquetas: Agregar Etiqueta
Sin Etiquetas, Sea el primero en etiquetar este registro!

MARC

LEADER 00000ntm a22000003a 4500
001 stuzp91888
003 SK-STU
005 20241111114947.0
007 ta
008 150427s2015----xo-----f-mn---000-0-slo-d
040 |a STU  |b slo 
041 0 |a slo 
044 |a xo 
100 1 |a Galčíková, Veronika  |u 035000  |k Z4  |4 aut  |U FEI Fakulta elektrotechniky a informatiky  |T FEI Ústav informatiky a matematiky  |X 111233  |U E050  |Y 816  |7 111233 
242 0 1 |a Program for online visualization of the PPG signal measured by a prototype pulse oximeter  |y eng 
245 1 0 |a Program na online vizualizáciu PPG signálu meraného prototypom pulzoxymetra 
260 |a Bratislava :  |b STU v Bratislave FEI,  |c 2023 
300 |a 68 s., príl. 
650 4 |a webová aplikácia  |2 slo 
650 4 |a vizualizácia  |2 slo 
650 4 |a Flask  |2 slo 
650 4 |a fotopletyzmografia  |2 slo 
650 4 |a photoplethysmography  |2 eng 
650 4 |a web application  |2 eng 
650 4 |a visualization  |2 eng 
650 4 |a Flask  |2 eng 
700 1 |a Donoval, Martin  |u 030690  |k Z7  |4 ths  |U FEI Fakulta elektrotechniky a informatiky  |T FEI Stredisko pre projekty a spoluprácu s praxou  |X 27489  |U 030690  |Y 387  |7 A000027489 
856 4 |u https://opac.crzp.sk/?fn=detailBiblioFormChildUELO9&sid=08878EB2E7E37CD0909271C0752B&seo=CRZP-detail-kniha